| 000 | 00752cab a2200241 4500 | ||
|---|---|---|---|
| 001 | ABS37917 | ||
| 008 | 090401t1987 xxu||||| |||| 00| 0 eng d | ||
| 035 | _a(Sirsi) u7607 | ||
| 041 | _aeng | ||
| 100 | _aAtkin, B. | ||
| 245 | _aIntelligent buildings | ||
| 260 | _c1987 | ||
| 350 | _a0 | ||
| 490 |
_aChartered Quantity Surveyor _v9(11) July 1987, 10(1) |
||
| 520 | _aDescribes common features of intelligent buildings, noting the increasing influence of the Japanese. Discusses trends and problems facing designers. | ||
| 650 |
_aBlock management _96220 |
||
| 650 | _aOFFICE AUTOMATION | ||
| 650 | _aSMART BUILDINGS | ||
| 650 | _aTELECOMMUNICATIONS | ||
| 690 | _aBUILT ENVIRONMENT-CONSTRUCTION DESIGN | ||
| 942 | _n0 | ||
| 948 | _c04/03/1997 | ||
| 999 |
_c4618 _d4618 |
||